000 00482cam a2200181 4500
001 D6426
008 090401t1976 xxu||||| |||| 00| 0 eng d
035 _a(Sirsi) u780
041 _aeng
050 _a658.99
100 _aLaing, W.M.
245 2 _aA new approach to construction management through building measurement and time standards
260 _aLancaster
_bConstruction Press
_c1976
300 _a213p. 22 x 30cm
350 _a12.5
942 _n0
948 _c04/03/1997
999 _c85592
_d85592